Επίτομη ιστορία της αρχαίας Ελλάδας : (2000 - 31 π.Χ.)
Saved in:
| Main Authors: | , |
|---|---|
| Format: | Book |
| Language: | Greek French |
| Published: |
Αθήνα :
Παπαδήμας,
1996.
|
| Subjects: | |
| Tags: |
Add Tag
No Tags, Be the first to tag this record!
|
MARC
| LEADER | 00000cam a2200000 i 4500 | ||
|---|---|---|---|
| 001 | 1/14042 | ||
| 008 | 980428s1996 gr | ||| |||| ||gre|| | ||
| 020 | |a 9602063637 | ||
| 020 | |a 9789602063637 | ||
| 035 | |l 10019268 | ||
| 035 | |l 10084991 | ||
| 040 | |a GR-MyUa |b gre |e AACR2 | ||
| 041 | 1 | |a gre |h fre | |
| 082 | 7 | |a 938.1 |2 (23) | |
| 100 | 1 | |a Mossé, Claude, |d 1924- | |
| 245 | 1 | 0 | |a Επίτομη ιστορία της αρχαίας Ελλάδας : |b (2000 - 31 π.Χ.) / |c Claude Mosse, Annie Schnapp-Gourbeillon ; μετάφραση Λύντια Στεφάνου. |
| 260 | |a Αθήνα : |b Παπαδήμας, |c 1996. | ||
| 300 | |a 501 σ. : |b εικ., χάρτ. ; |c 24 εκ. | ||
| 500 | |a Με 21 εικόνες και 9 χάρτες. | ||
| 500 | |a Το δεύτερο αντίτυπο του Παραρτήματος Ρόδου είναι η 11η/2010 έκδοση. | ||
| 500 | |a Το τρίτο αντίτυπο του Παραρτήματος Ρόδου είναι η 10η/2009 έκδοση. | ||
| 500 | |a Το τέταρτο αντίτυπο του Παραρτήματος Ρόδου είναι η 15η/2015 έκδοση. | ||
| 500 | |a Το παράρτημα Σύρου διαθέτει την 4η έκδ. του 2002. | ||
| 500 | |a Το τρίτο αντίτυπο του παραρτήματος Μυτιλήνης είναι η 15η έκδ. του 2015. | ||
| 500 | |a Τίτλος πρωτοτύπου: Precis d'histoire Grecque. Du debut du deuxieme millenaire a la bataille d' Actium. | ||
| 504 | |a Βιβλιογραφία: σ. 465-474. Ευρετήριο. | ||
| 651 | 0 | |a Greece |x History |y To 146 B.C. | |
| 700 | 1 | |a Schnapp-Gourbeillon, Annie, |e aut | |
| 852 | |a INST |b LESVOS |e 19980428 |h 938.1 MOS |p 005100014264 |q 005100014264 |t BK |y 0 | ||
| 852 | |a INST |b LESVOS |e 19991004 |h 938.1 MOS |p 005100019276 |q 005100019276 |t BK |y 0 | ||
| 852 | |a INST |b LESVOS |c EUDOXUS |e 20210517 |h 938.1 MOS |p 005100063385 |q 005100063385 |t EDX |y 0 | ||
| 852 | |a INST |b RHODES |e 20060822 |h 938.1 MOS |p 005400024497 |q 005400024497 |t BK |y 0 | ||
| 852 | |a INST |b RHODES |c EUDOXUS |e 20110408 |h 938.1 MOS |p 005400033045 |q 005400033045 |t EDX |y 0 | ||
| 852 | |a INST |b RHODES |c EUDOXUS |e 20130417 |h 938.1 MOS |p 005400035093 |q 005400035093 |t EDX |y 0 | ||
| 852 | |a INST |b RHODES |c EUDOXUS |e 20180521 |h 938.1 MOS |p 005400040079 |q 005400040079 |t EDX |y 0 | ||
| 852 | |a INST |b SYROS |e 20050426 |h 938.1 MOS |p 005500003530 |q 005500003530 |t BK |y 0 | ||
| 901 | |a BIBL-1998-2 | ||
| 901 | |a BIBL4-2006-2 | ||
| 901 | |a BIBL4-2011-1 | ||
| 901 | |a BIBL4-2013-1 | ||
| 920 | |a ΑΝΑΜΟΡΦΩΣΗ |b ΕΠΕΑΕΚ ΙΙ-ΤΜΣ |y Ρόδος |z 2006-06 | ||
| 920 | |a Εύδοξος |b Παραγγελία |y Ρόδος-ΠΤΔΕ |z 2018-04 | ||
| 920 | |a Εύδοξος |b Επιστροφή |y Ρόδος |z 2011-04 | ||
| 920 | |a Εύδοξος |b Επιστροφή |y Ρόδος |z 2013-04 | ||
| 920 | |a Εύδοξος |b Παραγγελία |y Λέσβος-ΤΚΑΙ |z 2021-05 | ||
| 922 | |a 1ΕΛΗ |b 199805 |c ΚΠΣ/ΤΚΑ |d EMVASIS | ||
| 950 | |a 117-1998-01-28 | ||
| 970 | |a Τζαφέρη |b Ευαγγελία |z 04/10/1999 | ||